[Event "MTO Open"]
[Site "Biel SUI"]
[Date "2006.07.27"]
[Round "4"]
[White "Cvitan,O"]
[Black "Welling,G"]
[Result "1-0"]
[WhiteElo "2539"]
[BlackElo "2373"]

1.d4 Nf6 2.c4 g6 3.Nf3 Bg7 4.g3 O-O 5.Bg2 d6 6.Nc3 c6 7.O-O a6 8.e4 b5 9.e5 Ne8
10.Qe2 Nc7 11.Re1 Bg4 12.h3 Bxf3 13.Bxf3 Ne6 14.Be3 dxe5 15.dxe5 Nd7 16.cxb5 Nxe5
17.bxc6 Nxf3+ 18.Qxf3 Bxc3 19.bxc3 Qd3 20.Red1 Qc4 21.Rd7 Rfe8 22.Bh6 Rac8
23.Rb1 Ng7 24.Bxg7 Kxg7 25.Rb6 Qxa2 26.c7 Qa3 27.Qe3 a5 28.Qd4+  1-0

[Event "Sunny Pawn A"]
[Site "Illichevsk UKR"]
[Date "2006.07.27"]
[Round "7"]
[White "Itkis,B"]
[Black "Vovk,A"]
[Result "0-1"]
[WhiteElo "2453"]
[BlackElo "2388"]

1.d4 Nf6 2.Nf3 g6 3.c4 Bg7 4.g3 O-O 5.Bg2 d6 6.Nc3 Nc6 7.O-O a6 8.h3 e5 9.Be3 Re8
10.dxe5 dxe5 11.Qxd8 Rxd8 12.Rfd1 Be6 13.Ng5 Bd7 14.Nge4 Nxe4 15.Nxe4 Be6
16.b3 Nd4 17.Kf1 Nf5 18.Rxd8+ Rxd8 19.Bg5 Rb8 20.Rd1 h6 21.Rd8+ Rxd8 22.Bxd8 c6
23.g4 Nd4 24.e3 Nc2 25.Nd6 b5 26.Bxc6 bxc4 27.Nxc4 Nb4 28.Bb7 Nxa2 29.Bxa6 Nc1
30.b4 Nd3 31.Be7 Bf8 32.Bxf8 Kxf8 33.Nxe5 Nxe5 34.Bb7 Nd3 35.b5 Bc4  0-1

[Event "Open"]
[Site "Kiel GER"]
[Date "2006.07.27"]
[Round "8"]
[White "Haffner,A"]
[Black "Engelbert,C"]
[Result "0-1"]
[WhiteElo "2156"]
[BlackElo "2237"]

1.d4 g6 2.Nf3 Bg7 3.c4 d6 4.g3 Nf6 5.Bg2 O-O 6.O-O c6 7.Nc3 Nbd7 8.Bg5 h6
9.Bd2 e5 10.d5 cxd5 11.Nxd5 Nxd5 12.cxd5 e4 13.Ne1 Re8 14.Rb1 Nb6 15.Be3 Bf5
16.b3 Re5 17.Bxb6 axb6 18.Rb2 Ra5 19.Rd2 Qa8 20.a4 b5 21.Nc2 bxa4 22.bxa4 Rxa4
23.Ne3 b5 24.Qb3 Bd7 25.Rc2 Re8 26.Rc7 Ra7 27.Rcc1 Bd4 28.Nc2 Bc5 29.Rfd1 Ra4
30.e3 Qa7 31.Bf1 Rb8 32.Rb1 f5 33.h4 Kf7 34.Be2 h5 35.Ra1 Qb6 36.Rab1 Qa5
37.Rb2 Qb6 38.Rbb1 Ra5 39.Kg2 b4 40.Ra1 Rba8 41.Rxa5 Rxa5 42.Ra1 Rxa1 43.Nxa1 Qa5
44.Qb2 Qa3 45.Qh8 Qc3 46.Qh7+ Qg7 47.Qxg7+ Kxg7 48.Bc4 Kf6 49.Nb3 Ba4 50.Kf1 Bb6
51.Ke2 g5 52.hxg5+ Kxg5 53.f3 Kf6 54.f4 Kg6 55.Kd2 h4 56.gxh4 Kh5 57.Ke2 Kxh4
58.Kf2 Be8 59.Nd2 Kh5 60.Bb3 Bc5 61.Nc4 Kg6 62.Ke2 Kf6 63.Kd2 Ke7 64.Ke2 Bh5+
65.Kf2 Kd7 66.Nd2 Kc7 67.Nc4 Be8 68.Nb2 Kb7 69.Nc4 Bf7 70.Nb2 Ba7 71.Nc4 Bb8
72.Na5+ Kb6 73.Nc6 Bc7 74.Nxb4 Kb5 75.Nc6 Be8 76.Nd4+ Kb4 77.Bd1 Bd7 78.Bh5 Bb6
79.Ne6 Kc4  0-1

[Event "10th Battle of Senta 1697 Open"]
[Site "Senta SCG"]
[Date "2006.07.27"]
[Round "8"]
[White "Arsovic,G"]
[Black "Djokic,Neb"]
[Result "0-1"]
[WhiteElo "2483"]
[BlackElo "2256"]

1.d4 Nf6 2.Nf3 g6 3.c4 Bg7 4.g3 O-O 5.Bg2 d6 6.O-O c6 7.Nc3 Qb6 8.Qc2 Bg4
9.Rd1 Na6 10.e4 e5 11.Be3 Qb4 12.Ne2 Rfe8 13.a3 Qa5 14.b4 Qc7 15.h3 Bxf3
16.Bxf3 Qe7 17.d5 c5 18.Rab1 Rec8 19.Qd3 h5 20.Rdc1 Kh7 21.Qd2 Qd7 22.Kg2 b6
23.Rc2 Nxe4 24.Bxe4 f5 25.Bf3 e4 26.Bxh5 gxh5 27.Nf4 Qf7 28.h4 Be5 29.Ne6 Qf6
30.Bf4 Rg8 31.Qe2 Rg4 32.Bxe5 Qxe5 33.f4 exf3+ 34.Qxf3 f4 35.Nxf4 Rag8 36.Kh2 Qf5
37.Rcb2 Kh6 38.Qe3 Kh7 39.Rg1 Qf6 40.Rf2 cxb4 41.Nh3 Qe5 42.Rf7+ R8g7 43.Qd3+ Kg8
44.Rxg7+ Kxg7 45.axb4 Nxb4 46.Qa3 a5 47.Nf4 Nc2 48.Qd3 Nd4 49.Rd1 Nf5 50.Ne6+ Kg8
51.Rf1 Qb2+ 52.Kh3 Rxg3+ 53.Qxg3+ Nxg3 54.Rf8+ Kh7 55.Kxg3 Qc3+ 56.Kg2 Qxc4
57.Ng5+ Kg7 58.Ne6+ Kg6 59.Nf4+ Kh6 60.Kf3 a4 61.Rf6+ Kh7 62.Rxd6 Qc3+ 63.Ke4 Qb4+
64.Ke5 a3 65.Rd7+ Kh6 66.Ra7 Qa5 67.Rc7 Qe1+ 68.Kf5 Qb1+ 69.Ke5 Qb2+ 70.Kf5 a2
71.Rc6+ Kh7 72.Rc7+ Qg7 73.Rxg7+ Kxg7 74.d6 a1=Q 75.Nxh5+ Kf7  0-1

[Event "32nd Open"]
[Site "Sitges ESP"]
[Date "2006.07.27"]
[Round "7"]
[White "Jerez Perez,A"]
[Black "Meera,S"]
[Result "1/2-1/2"]
[WhiteElo "2383"]
[BlackElo "2138"]

1.d4 Nf6 2.c4 g6 3.Nf3 Bg7 4.g3 d6 5.Bg2 O-O 6.O-O c6 7.Nc3 Qa5 8.e4 e5 9.d5 cxd5
10.cxd5 b5 11.Re1 b4 12.Nb1 Ba6 13.Nbd2 Bd3 14.Re3 Bb5 15.h3 Bh6 16.Re1 Qa6
17.Nb3 Bxc1 18.Qxc1 Rc8 19.Qe3 Nbd7 20.Nfd2 Qb6 21.Rec1 Qxe3 22.fxe3 a5 23.Rxc8+ Rxc8
24.Nxa5 Rc2 25.Ndb3 Rxb2 26.Nb7 Ne8 27.N3a5 Rc2 28.Bf1 Bxf1 29.Kxf1 Rh2 30.Kg1 Rc2
31.Rb1 Nc5 32.Rxb4 Rc1+ 33.Kg2  1/2-1/2

[Event "Czech Open A"]
[Site "Pardubice CZE"]
[Date "2006.07.29"]
[Round "9"]
[White "Mochalov,E"]
[Black "Cabezas Ayala,I"]
[Result "1-0"]
[WhiteElo "2419"]
[BlackElo "2337"]

1.c4 g6 2.d4 Nf6 3.g3 Bg7 4.Bg2 O-O 5.Nf3 d6 6.O-O Nc6 7.Nc3 a6 8.h3 Rb8
9.e4 b5 10.e5 dxe5 11.dxe5 Qxd1 12.Rxd1 Nd7 13.e6 fxe6 14.cxb5 axb5 15.Ng5 Nd4
16.Be3 c5 17.Nce4 e5 18.Bxd4 exd4 19.Ne6 Rf5 20.Rac1 Bb7 21.N4xc5 Nxc5 22.Nxc5 Bxg2
23.Kxg2 Bh6 24.Rc2 Rc8 25.b4 Rd5 26.Rd3 e5 27.Kf3 Rdd8 28.Ke4 Bg7 29.Rb3 Kf7
30.Kd3 Bf8 31.f3 Rc7 32.Ne6  1-0

[Event "MTO Open"]
[Site "Biel SUI"]
[Date "2006.07.30"]
[Round "6"]
[White "Bauer,Ch"]
[Black "Weindl,A"]
[Result "1-0"]
[WhiteElo "2599"]
[BlackElo "2353"]

1.d4 Nf6 2.Nf3 g6 3.c4 Bg7 4.g3 O-O 5.Bg2 d6 6.Nc3 Nbd7 7.O-O e5 8.e3 Re8
9.b3 Qe7 10.a4 a6 11.Ba3 exd4 12.exd4 Nf8 13.Qd2 Qd8 14.Rae1 Bg4 15.Rxe8 Qxe8
16.h3 Bxf3 17.Bxf3 Qd7 18.Kg2 c6 19.a5 Rd8 20.Re1 h6 21.d5 c5 22.Na4 N8h7
23.Nb6 Qf5 24.g4 Qg5 25.Qxg5 hxg5 26.Re7 Rb8 27.b4 Bf8 28.Rc7 Ne8 29.Rc8 Rxc8
30.Nxc8 cxb4 31.Bxb4 Nhf6 32.Bd1 Ne4 33.Ba4 Ng7 34.f3 Nc5 35.Bxc5 dxc5 36.Bd7 f6
37.Nb6 Bd6 38.Bc8 Ne8 39.Bxb7 Nc7 40.Nc8 Be5 41.d6 Ne6 42.Bxa6 Bc3 43.Ne7+ Kf7
44.Nc6 Nd4 45.Nxd4 cxd4 46.c5 Bb4 47.c6 Bxd6 48.Bb5  1-0

[Event "15th Open A"]
[Site "Vienna AUT"]
[Date "2006.08.03"]
[Round "6"]
[White "Schwaninger,W"]
[Black "Solonar,S"]
[Result "0-1"]
[WhiteElo "2210"]
[BlackElo "2346"]

1.d4 Nf6 2.c4 d6 3.g3 g6 4.Bg2 Bg7 5.Nf3 O-O 6.O-O Nc6 7.Nc3 a6 8.Bg5 h6
9.Bd2 Rb8 10.d5 Na5 11.b3 c5 12.a4 e6 13.dxe6 Bxe6 14.e4 Nc6 15.Rc1 Qd7 16.Bf4 Rbd8
17.Qd3 g5 18.Be3 Ng4 19.Rcd1 Nb4 20.Qd2 f5 21.exf5 Bxf5 22.Ne1 Nxe3 23.fxe3 Bg4
24.Nf3 Qe6 25.Nd5 Nxd5 26.Qxd5 Qxd5 27.Rxd5 Rde8 28.e4 Rxe4 29.Rxd6 Re3 30.Nd2 Bd4
31.Bd5+ Kg7 32.Kh1 Rxf1+ 33.Nxf1 Rf3 34.Nd2 Rf2 35.h3 Bxh3  0-1

[Event "Open"]
[Site "Stare Mesto CZE"]
[Date "2006.08.11"]
[Round "1"]
[White "Jasny,S"]
[Black "Diviak,Ra"]
[Result "1-0"]
[WhiteElo "2325"]
[BlackElo "1968"]

1.Nf3 Nf6 2.c4 g6 3.g3 Bg7 4.Bg2 d6 5.d4 O-O 6.O-O Nbd7 7.Nc3 e5 8.e4 c6
9.h3 Re8 10.Re1 Qc7 11.Be3 Nf8 12.Rc1 Be6 13.d5 Bd7 14.b4 b6 15.dxc6 Bxc6
16.Nd5 Qd7 17.Bg5 Nxd5 18.cxd5 Bb7 19.Qd2 f5 20.Be3 Qe7 21.a4 fxe4 22.Ng5 h6
23.Nxe4 g5 24.a5 bxa5 25.bxa5 Nh7 26.Qd3 a6 27.Rb1 Bc8 28.Rb6 Bf5 29.Rxa6 Bxe4
30.Bxe4 Nf6 31.Rxa8 Rxa8 32.Bb6 Qb7 33.Rc1 Rc8 34.Rxc8+ Qxc8 35.Qc2 Qa6 36.Bd3 Qb7
37.Qc6  1-0

[Event "Open"]
[Site "Stare Mesto CZE"]
[Date "2006.08.12"]
[Round "2"]
[White "Volodin,V"]
[Black "Rakay,K"]
[Result "1/2-1/2"]
[WhiteElo "2257"]
[BlackElo "2101"]

1.Nf3 Nf6 2.c4 g6 3.d4 Bg7 4.g3 O-O 5.Bg2 d6 6.O-O Nc6 7.Nc3 a6 8.b3 Bd7
9.e3 Qc8 10.Nd5 Rb8 11.Qe2 Re8 12.Rd1 e5 13.dxe5 dxe5 14.Bb2 Bg4 15.Qf1 Nxd5
16.cxd5 e4 17.Bxg7 exf3 18.Bh1 Ne5 19.Bh6 Qf5 20.Bf4 g5 21.Bxe5 Rxe5 22.Qc4 Rd8
23.Rd4 Rexd5 24.Rxd5 Qxd5 25.Qxd5 Rxd5 26.h3 Bxh3 27.Bxf3 Rb5 28.g4 f5 29.a4 Rb4
30.Rc1 c6 31.gxf5 Bxf5 32.Rc5 Be6 33.Rxg5+ Kf7 34.Rh5  1/2-1/2

[Event "Independence Cup A"]
[Site "Kyiv UKR"]
[Date "2006.08.16"]
[Round "4"]
[White "Dzupin,D"]
[Black "Gorbatenko,K"]
[Result "1-0"]
[WhiteElo "2311"]
[BlackElo "2094"]

1.d4 Nf6 2.Nf3 g6 3.c4 Bg7 4.g3 O-O 5.Bg2 d6 6.O-O Nbd7 7.Nc3 e5 8.e4 c6
9.h3 Qb6 10.Re1 Re8 11.Rb1 exd4 12.Na4 Qa6 13.Nxd4 Qxc4 14.b3 Qb4 15.Nc2 Qa5
16.Qxd6 Qh5 17.g4 Qe5 18.Bf4 Qxd6 19.Bxd6 h5 20.g5 Nh7 21.f4 b5 22.e5 Bb7
23.Nc3 Nhf8 24.Nxb5 Ne6 25.Rf1 Rec8 26.Rf2 a5 27.Ba3 Ba6 28.Nbd4 Bb7 29.Nxe6 fxe6
30.Nd4 Kf7 31.Rc1 Ra6 32.Rfc2 Nb8 33.Bd6 Bf8 34.Bf1 Rb6 35.Bc4 Bxd6 36.Bxe6+ Ke7
37.exd6+ Kxd6 38.Bxc8 Bxc8 39.Rd2 Kc7 40.f5 gxf5 41.Rc5 a4 42.g6 axb3 43.axb3  1-0

[Event "Acropolis Women's Open"]
[Site "Athens GRE"]
[Date "2006.08.17"]
[Round "5"]
[White "Danielian,E"]
[Black "Makropoulou,M"]
[Result "1/2-1/2"]
[WhiteElo "2423"]
[BlackElo "2297"]

1.d4 Nf6 2.Nf3 g6 3.c4 Bg7 4.g3 O-O 5.Bg2 d6 6.O-O Nc6 7.Nc3 Rb8 8.h3 Bd7
9.Be3 a6 10.Rc1 e6 11.c5 Ne7 12.cxd6 cxd6 13.Bg5 Bc6 14.Qd2 Qd7 15.Ne1 Bxg2
16.Kxg2 b5 17.Bxf6 Bxf6 18.Nf3 Bg7 19.Rc2 Nc6 20.Ne4 Rbc8 21.Rfc1 f5 22.Neg5 Ne7
23.Qe3 Rxc2 24.Rxc2 Rf6 25.Qc1 h6 26.Rc7 Qd8 27.e4 hxg5 28.e5 dxe5 29.dxe5 Rf8
30.Nxg5 Bxe5 31.Rc5 Bd4 32.Rc7 Bb6 33.Rc2 Qd5+ 34.Kh2 Bd4 35.Re2 Bf6 36.Nxe6 Rf7
37.Qc7 Nc6 38.Qc8+ Kh7 39.Nf4 Qd7 40.Qxd7 Rxd7 41.Re6 Bg5 42.Rxc6 Bxf4 43.gxf4 Rd2
44.Rxa6 Rxf2+ 45.Kg3 Rxb2 46.Ra8  1/2-1/2

[Event "Open"]
[Site "Predeal ROM"]
[Date "2006.08.18"]
[Round "9"]
[White "Barnaure,V"]
[Black "Ionica,I"]
[Result "1-0"]
[WhiteElo "2426"]
[BlackElo "2231"]

1.d4 Nf6 2.c4 g6 3.Nf3 Bg7 4.g3 O-O 5.Bg2 d6 6.O-O Nbd7 7.Nc3 e5 8.b3 a6
9.e3 Rb8 10.a4 a5 11.h3 Re8 12.Ba3 b6 13.Qc2 Bb7 14.d5 Nc5 15.e4 Bc8 16.b4 axb4
17.Bxb4 Na6 18.Ba3 Nh5 19.Ne1 f5 20.Nd3 Rf8 21.Qe2 f4 22.g4 Qf6 23.Qf3 Qh4
24.gxh5 gxh5 25.Ne1 Bg4 26.Qd3 Rf6 27.Nf3 Bxf3 28.Qxf3 Rg6 29.Kh2 Rf8 30.Rg1 Nb8
31.Bf1 Nd7 32.Be2 Nf6 33.Rg2 Kh8 34.Rag1 Ng4+ 35.Kh1 Rg8 36.Nd1 Bf6 37.Bb4 Ra8
38.Nb2 Rag8 39.Be1 Be7 40.Nd3 Ra8 41.Bd1 Rag8 42.Bc3 Nf6 43.a5 Nxe4 44.Rxg6 hxg6
45.Nxf4 Nxf2+ 46.Kg2 Kh7 47.Qxf2 Qxf2+ 48.Kxf2 exf4 49.a6 Bh4+ 50.Kf3 Bg3
51.Ba4 g5 52.Bd7 Ra8 53.Ra1 Ra7 54.Bf5+ Kh6 55.Ra2 Bh4 56.Re2  1-0

[Event "Open"]
[Site "Predeal ROM"]
[Date "2006.08.18"]
[Round "9"]
[White "Malaniuk,V"]
[Black "Grigore,Ge"]
[Result "1/2-1/2"]
[WhiteElo "2511"]
[BlackElo "2472"]

1.d4 Nf6 2.Nf3 g6 3.c4 Bg7 4.g3 O-O 5.Bg2 d6 6.O-O c6 7.Nc3 Qa5 8.Nd2 Na6
9.a3 c5 10.d5 Bd7 11.Rb1  1/2-1/2

[Event "Open"]
[Site "Stare Mesto CZE"]
[Date "2006.08.18"]
[Round "9"]
[White "Volodin,V"]
[Black "Omelka,R"]
[Result "1/2-1/2"]
[WhiteElo "2257"]
[BlackElo "2110"]

1.Nf3 Nf6 2.c4 g6 3.d4 Bg7 4.g3 O-O 5.Bg2 d6 6.O-O Nbd7 7.Nc3 e5 8.h3 Re8
9.e4 exd4 10.Nxd4 a6 11.b3 Rb8 12.Re1 c5 13.Nc2 b5 14.cxb5 axb5 15.Bb2 b4
16.Nd5 Nxd5 17.Bxg7 Kxg7 18.exd5 Ne5 19.Ne3 Ba6 20.Bf1 Bc8 21.f4 Nd7 22.Nc4 Rxe1
23.Qxe1 Nb6 24.Rc1  1/2-1/2

[Event "Lichtenberger Sommer"]
[Site "Berlin GER"]
[Date "2006.08.20"]
[Round "2"]
[White "Platzek,J"]
[Black "Schatz,D"]
[Result "1/2-1/2"]
[WhiteElo "2064"]
[BlackElo "2229"]

1.Nf3 Nf6 2.c4 d6 3.d4 g6 4.g3 Bg7 5.Bg2 O-O 6.O-O Nc6 7.Nc3 a6 8.h3 Rb8
9.Be3 Bd7 10.d5 Na5 11.Nd2 c5 12.dxc6 Nxc6 13.Rc1 Qa5 14.c5 Be6 15.Nb3 Bxb3
16.Qxb3 dxc5 17.Nd5 Nxd5 18.Rxc5 Qb4 19.Bxd5 Qxb3 20.axb3 e6  1/2-1/2

[Event "6th Open"]
[Site "Velika Gorica CRO"]
[Date "2006.08.20"]
[Round "2"]
[White "Devcic,D"]
[Black "Rozic,M"]
[Result "1-0"]
[WhiteElo "2287"]
[BlackElo "2095"]

1.d4 Nf6 2.c4 g6 3.Nf3 Bg7 4.g3 d6 5.Bg2 O-O 6.O-O Nbd7 7.Nc3 c6 8.e4 Qc7
9.h3 e5 10.Be3 Nb6 11.b3 Qe7 12.Re1 Bd7 13.a4 Rad8 14.Qc2 Nc8 15.a5 Nh5 16.dxe5 dxe5
17.Na4 Rfe8 18.Bc5 Qf6 19.Be3 h6 20.Qe2 Bf8 21.Red1 Be6 22.Nc5 Bxc5 23.Bxc5 Ng7
24.Qe3 b6 25.Rxd8 Qxd8 26.axb6 axb6 27.Bb4 f6 28.Qxh6 Kf7 29.g4 g5 30.Bd2 Rh8
31.Nxg5+ fxg5 32.Qxg5 Qxg5 33.Bxg5 Ne8 34.Be3 c5 35.Rd1 Nf6 36.f4 exf4 37.Bxf4 Rg8
38.Bg3 Nh7 39.e5 Ng5 40.Rf1+ Ke8 41.h4 Bxg4 42.hxg5 Rxg5 43.Bf4 Rg6 44.Kf2 Ne7
45.Rh1 Nc6 46.Be4 Re6 47.Rg1 Bh5 48.Bd5  1-0

[Event "6th Open"]
[Site "Velika Gorica CRO"]
[Date "2006.08.22"]
[Round "5"]
[White "Brumen,D"]
[Black "Saric,Iv"]
[Result "1/2-1/2"]
[WhiteElo "2341"]
[BlackElo "2394"]

1.d4 g6 2.Nf3 Nf6 3.c4 Bg7 4.g3 O-O 5.Bg2 d6 6.O-O Nbd7 7.Nc3 e5 8.e4 a6
9.Qc2 Re8 10.dxe5 dxe5 11.Rd1 c6 12.h3 Qe7 13.Be3 b5 14.c5 Nxc5 15.Nd5 cxd5
16.Bxc5 Qb7 17.exd5 Bf5 18.Qb3 Rac8 19.Rac1 Bh6 20.Be3 Rxc1 21.Rxc1 Bxe3
22.Qxe3 Qxd5 23.Qg5 e4 24.Nh4 Kg7 25.Nxf5+ Qxf5 26.Qxf5 gxf5 27.Kf1 e3 28.Rc6 exf2
29.Rxa6 Rc8 30.Kxf2 Rc2+ 31.Kg1 Rxb2 32.a3 Nh5 33.g4 Nf4 34.Bf1 fxg4 35.hxg4 Ne6
36.Rd6 b4 37.axb4 Rxb4 38.Be2 Rb2 39.Kf1 Kf6 40.Rd7 Nc5 41.Rc7 Ne4 42.Bd3 Rf2+
43.Ke1 Rf4 44.Rc4 Ke5 45.Rc7 Kd4 46.Bxe4 Kxe4 47.Ke2 Ke5 48.Ke3 Rf1 49.Rc6 Rh1
50.Kf3 f6 51.Rc5+ Ke6 52.Kf4 Rf1+ 53.Kg3 Kf7 54.Ra5 Kg6 55.Rb5 Rc1 56.Ra5 Rc3+
57.Kf4 Rc4+ 58.Kg3 Re4 59.Kf3 Re5 60.Ra7 h6 61.Kf4 Rb5 62.Rc7 Rb4+ 63.Kg3 Rb3+
64.Kf4 Rh3 65.Ra7 h5 66.gxh5+ Rxh5 67.Ra8 Rh4+ 68.Kg3 Rb4 69.Ra3 Kg5 70.Kf2 Rb2+
71.Kf3 f5 72.Kg3 Rb4 73.Kf2 Rf4+ 74.Kg3 Rg4+ 75.Kf2 Rf4+ 76.Kg3 Rh4 77.Kf2 f4
78.Ra5+ Kg4 79.Ra3 Rh2+ 80.Kf1 Rb2 81.Rc3 Ra2 82.Rb3 Ra4 83.Kf2 f3 84.Rb8 Ra2+
85.Kf1  1/2-1/2

[Event "3rd Dato Arthur Tan"]
[Site "Kuala Lumpur MAS"]
[Date "2006.08.23"]
[Round "5"]
[White "Murshed,N"]
[Black "Ginting,Nas"]
[Result "1/2-1/2"]
[WhiteElo "2464"]
[BlackElo "2397"]

1.d4 Nf6 2.Nf3 g6 3.c4 Bg7 4.g3 O-O 5.Bg2 d6 6.O-O Nc6 7.d5 Na5 8.Nfd2 c5
9.a3 Qc7 10.Ra2 Bd7 11.b3 b5 12.cxb5 Bxb5 13.Bb2 Rab8 14.Re1 Qb6 15.Bc3 Rfc8
16.Rb2 Qd8 17.Qc2 c4 18.b4 Nb3 19.Qd1 Ba4 20.Ne4 Nxe4 21.Bxe4 a5 22.Bxg7 Kxg7
23.Nc3 Bd7 24.Na2 e6 25.Bc2 Qf6 26.Rf1 exd5 27.Bxb3 cxb3 28.Qxb3 d4 29.Qd1 Be6
30.Nc1 axb4 31.axb4 Rc3 32.Nd3 Bc4 33.Qd2 Bxd3 34.exd3 Qf3 35.Rd1 Rb5 36.Qf4 Qxf4
37.gxf4 Kf6 38.Kg2 Kf5 39.Kf3 Ra3 40.Rdd2 Ra4 41.Re2 f6 42.Rb3 d5 43.Reb2 Ra7
44.Rc2 Rab7 45.Rc6 Rxb4 46.Rxb4 Rxb4 47.Rc5 Ke6 48.Rc6+ Ke7 49.Rc7+ Kd6 50.Rxh7 Rb3
51.f5 gxf5 52.Ke2 Rb2+  1/2-1/2

[Event "3rd Dato Arthur Tan"]
[Site "Kuala Lumpur MAS"]
[Date "2006.08.25"]
[Round "7"]
[White "Murshed,N"]
[Black "Nguyen Ngoc Truongson"]
[Result "1/2-1/2"]
[WhiteElo "2464"]
[BlackElo "2535"]

1.Nf3 d6 2.d4 Nf6 3.c4 g6 4.g3 Bg7 5.Bg2 O-O 6.O-O c6 7.Nc3 Bg4 8.h3 Bxf3
9.exf3 Nbd7 10.b3 Qc7 11.Qc2 Rfe8 12.Bb2  1/2-1/2

[Event "Rudenko Mem"]
[Site "St Petersburg RUS"]
[Date "2006.08.29"]
[Round "4"]
[White "Borisova,E"]
[Black "Akatova,E"]
[Result "1-0"]
[WhiteElo "2158"]
[BlackElo "2159"]

1.d4 Nf6 2.c4 g6 3.Nf3 Bg7 4.g3 O-O 5.Bg2 d6 6.O-O Nbd7 7.Nc3 e5 8.e4 c6
9.b3 Re8 10.h3 exd4 11.Nxd4 Nc5 12.Re1 a5 13.Bf4 Nh5 14.Be3 Qc7 15.Qc2 Be6
16.Rad1 Rad8 17.Nxe6 Rxe6 18.a3 Rde8 19.Bc1 Qb6 20.Na4 Qxb3 21.Qxb3 Nxb3
22.Be3 b5 23.cxb5 cxb5 24.Nb6 Nf6 25.Bf1 Rxe4 26.Bxb5 Rb8 27.Rxd6 Ne8 28.Bxe8 Rexe8
29.Rb1 Bf8 30.Rc6 a4 31.Nxa4 Na5 32.Rxb8 Rxb8 33.Rc3 Nb3 34.Nb6 Nd2 35.Nd7 Rd8
36.Rd3 Nf3+ 37.Kf1 Ra8 38.Bc1 Rc8 39.Bf4 g5 40.Nxf8 Rxf8 41.Rxf3 gxf4 42.Rxf4 Rc8
43.Ke2 Rc1 44.Kd3 Rh1 45.h4 Ra1 46.a4 Kf8 47.Kc3 Ke7 48.Kb4 Rb1+ 49.Kc5 Rb7
50.a5 Kd8 51.a6 Re7 52.Ra4  1-0

[Event "Chess Cruise g/15"]
[Site "Odessa/Istanbul UKR/TUR"]
[Date "2006.08.30"]
[Round "2"]
[White "Tukmakov,V"]
[Black "Golubev,M"]
[Result "0-1"]
[WhiteElo "2560"]
[BlackElo "2467"]

1.d4 Nf6 2.Nf3 g6 3.c4 Bg7 4.g3 O-O 5.Bg2 d6 6.O-O Nbd7 7.Nc3 e5 8.h3 c6
9.e4 Qb6 10.Re1 exd4 11.Nxd4 Re8 12.Rb1 Qb4 13.Bf1 Nc5 14.a3 Qb6 15.Be3 Qd8
16.f3 Nh5 17.Kh2 f5 18.exf5 Nxg3 19.Bf2 Rxe1 20.Qxe1 Nxf5 21.Rd1 Be5+ 22.Kh1 Qf6
23.Nde2 Ne3 24.f4 Nxd1 25.Nxd1 Nd3 26.fxe5 dxe5 27.Bh4 Qf3+ 28.Bg2 Nxe1 29.Bxf3 Nxf3
30.Bg3 Bxh3 31.Nf2 Bf1 32.Nc3 h5 33.Nfe4 h4 34.Bf2 h3  0-1

[Event "TCh-Serbia"]
[Site "Zlatibor SCG"]
[Date "2006.08.31"]
[Round "6"]
[White "Georgiev,Ki"]
[Black "Popovic,Du"]
[Result "1-0"]
[WhiteElo "2685"]
[BlackElo "2523"]

1.d4 Nf6 2.Nf3 g6 3.c4 Bg7 4.g3 O-O 5.Bg2 d6 6.O-O Nc6 7.Nc3 a6 8.Qd3 Bf5
9.e4 Bg4 10.Be3 Nd7 11.h3 Bxf3 12.Bxf3 e5 13.d5 Nd4 14.Bg2 c5 15.dxc6 bxc6
16.b4 c5 17.a3 a5 18.b5 Ra7 19.a4 Nb6 20.Rae1 Re8 21.Kh1 Kh8 22.Bd2 f5 23.f4 Rf7
24.fxe5 dxe5 25.Nd5 Nxd5 26.cxd5 Ref8 27.Be3 Qd6 28.Rc1 f4 29.Bxd4 exd4 30.gxf4 Rxf4
31.Rxf4 Rxf4 32.Rf1 Qe5 33.b6 Rxf1+ 34.Qxf1 Qd6 35.Qf7 Be5 36.Bf1 Qd8 37.b7 Bb8
38.Bc4 Bd6 39.Qe6 Qb8 40.Qf6+ Kg8 41.e5  1-0

[Event "TCh-Serbia"]
[Site "Zlatibor SCG"]
[Date "2006.09.01"]
[Round "7"]
[White "Popov,Si1"]
[Black "Antic,De"]
[Result "1-0"]
[WhiteElo "2478"]
[BlackElo "2447"]

1.d4 Nf6 2.c4 g6 3.Nf3 Bg7 4.g3 O-O 5.Bg2 d6 6.O-O Nbd7 7.Qc2 e5 8.Rd1 Qe7
9.Nc3 c6 10.e4 exd4 11.Nxd4 Ne5 12.Qe2 Bg4 13.f3 Be6 14.b3 a6 15.Nxe6 Qxe6
16.f4 Ned7 17.Ba3 c5 18.Rd3 b5 19.Rad1 b4 20.Rxd6 Qe7 21.e5 bxc3 22.Bxa8 Rxa8
23.Qd3 Re8 24.exf6 Nxf6 25.Rd8 h5 26.Kf1 Kh7 27.Rxe8 Qxe8 28.Bxc5 Qc6 29.Bg1 Qh1
30.Re1 Ng4 31.Re2 Qc6 32.Qd5 Qc7 33.c5 Nf6 34.Qf3 Nd7 35.f5 Nxc5 36.f6 Ne6
37.fxg7 c2 38.Be3 c1=Q+ 39.Bxc1 Qxc1+ 40.Re1 Qc7 41.Qf6 Qb7 42.Kg1 Qa7+ 43.Qf2 Qd7
44.Rf1 Kxg7 45.Qf6+ Kg8 46.h4 Nd4 47.Qxa6 Nf5 48.Qa8+ Kg7 49.Qf3 Qd4+ 50.Rf2 Qa1+
51.Kg2 Qd4 52.Re2 Qd1 53.Qe4 Kh7 54.Rf2 Qd7 55.a4 Nh6 56.Qf3 Nf5 57.Qe4 Nh6
58.a5 Ng4 59.Re2 Qb5 60.b4 Nh6 61.Ra2 Nf5 62.a6 Nd6 63.Qf3 Qc4 64.Rd2 Ne4
65.Re2 f5 66.a7 Qa6 67.Rxe4 fxe4 68.Qf7+  1-0

[Event "Rudenko Mem"]
[Site "St Petersburg RUS"]
[Date "2006.09.02"]
[Round "8"]
[White "Dolgova,O"]
[Black "Komiagina,M"]
[Result "0-1"]
[WhiteElo "2260"]
[BlackElo "2335"]

1.d4 Nf6 2.c4 g6 3.g3 Bg7 4.Bg2 d6 5.Nf3 O-O 6.Nc3 Nbd7 7.O-O e5 8.e4 a6
9.Re1 exd4 10.Nxd4 Ng4 11.h3 Qf6 12.Nf3 Nge5 13.Nxe5 Nxe5 14.Nd5 Qd8 15.Qe2 f5
16.Nf4 c6 17.Kh2 Qf6 18.Be3 Qf7 19.Rac1 fxe4 20.Bxe4 Bf5 21.Bd4 Rae8 22.Bxf5 Qxf5
23.Kg2 g5 24.Nh5 Bh8 25.Rcd1 Qf7 26.f4 Ng6 27.Qd2 Bxd4 28.Rxe8 Qxe8 29.Qxd4 Qe2+
30.Kg1 Qxh5 31.Qxd6 Qxh3 32.fxg5 Rf3 33.Qd8+ Nf8  0-1

[Event "FSIMB September"]
[Site "Budapest HUN"]
[Date "2006.09.03"]
[Round "2"]
[White "Farago,S"]
[Black "Feige,M"]
[Result "1/2-1/2"]
[WhiteElo "2275"]
[BlackElo "2419"]

1.c4 Nf6 2.Nf3 g6 3.d4 Bg7 4.g3 O-O 5.Bg2 d6 6.Nc3 Nc6 7.O-O a6 8.h3 Bd7
9.e4 e5 10.dxe5 dxe5 11.Bg5 Qc8 12.Kh2 Re8 13.Re1 h6 14.Be3 g5 15.Nd2 g4
16.h4 Nd4 17.c5 Bc6 18.Nd5 Qd8 19.Bxd4 exd4 20.Nf4 Qd7 21.a4 Re7 22.e5 Nd5
23.Nd3 Rae8 24.Nc4 f6 25.e6 Rxe6 26.Qxg4 Qe7 27.Qf5 Re5 28.Ncxe5 fxe5 29.Be4 Qf6
30.Qh7+ Kf7 31.h5 Re6 32.Bf5 Re7 33.f4 Ne3 34.Rxe3 dxe3 35.fxe5 Rxe5 36.Nxe5+ Qxe5
37.Qg6+ Ke7 38.Kh3 e2 39.Bg4 e1=Q 40.Rxe1 Qxe1 41.Qxg7+ Ke8 42.Qg6+ Ke7 43.Qg7+ Ke8  1/2-1/2

[Event "ch-U20 w Panamerican"]
[Site "Bogota COL"]
[Date "2006.09.06"]
[Round "7"]
[White "Rivera,I"]
[Black "Heredia,C"]
[Result "1-0"]
[WhiteElo "2105"]
[BlackElo "1960"]

1.d4 Nf6 2.c4 g6 3.Nf3 Bg7 4.g3 O-O 5.Bg2 d6 6.O-O c6 7.Nc3 Qa5 8.h3 Qh5
9.g4 Qa5 10.e4 e5 11.Be3 Nbd7 12.Qd2 Re8 13.Rad1 Nf8 14.d5 c5 15.Nh2 a6 16.f4 exf4
17.Bxf4 Qc7 18.Qf2 Bd7 19.Qg3 Qb6 20.Bxd6 Rec8 21.e5 Ne8 22.Bxf8 Kxf8 23.e6  1-0

[Event "FSIMB September"]
[Site "Budapest HUN"]
[Date "2006.09.07"]
[Round "6"]
[White "Richter,Ch"]
[Black "Feige,M"]
[Result "1/2-1/2"]
[WhiteElo "2442"]
[BlackElo "2419"]

1.d4 Nf6 2.c4 g6 3.Nf3 Bg7 4.g3 O-O 5.Bg2 d6 6.Nc3 Nc6 7.O-O a6 8.b3 Rb8
9.Bb2 b5 10.cxb5 axb5 11.Rc1 Bd7 12.Ne1 b4 13.Na4 Na5 14.Nd3 Bxa4 15.bxa4 Qd7
16.Qd2 d5 17.Nc5 Qd6 18.Qc2 Rfc8 19.Rfd1 e6 20.Bf1 Nd7 21.e3 Nb6 22.Rb1 Nbc4
23.Rdc1 e5 24.Nb3 Nxb3 25.dxe5 Bxe5 26.Bxe5 Nxe5 27.axb3 c5 28.Rd1 Qe6 29.Bg2 d4
30.Qe4 dxe3 31.Qxe3 c4 32.bxc4 Nxc4 33.Qf4 b3 34.Bd5 Qf5 35.Qxf5 gxf5 36.Rdc1 Nd2
37.Rxc8+ Rxc8 38.Rxb3 Nxb3 39.Bxb3 Kg7 40.Kg2 Kf6 41.Bd5 Rc5 42.Bb3 Rc3 43.Bd5 Rc5
44.Bb3  1/2-1/2

[Event "EU-chG16"]
[Site "Herceg Novi MNE"]
[Date "2006.09.10"]
[Round "1"]
[White "Ozturk,K"]
[Black "Botezatu,M"]
[Result "1-0"]
[WhiteElo "2110"]
[BlackElo "1914"]

1.d4 Nf6 2.Nf3 g6 3.g3 Bg7 4.Bg2 O-O 5.c4 d6 6.Nc3 Nbd7 7.O-O c6 8.e4 e5
9.dxe5 dxe5 10.b3 Nh5 11.Ba3 Re8 12.Qc2 Qa5 13.Bb2 Nf8 14.a3 f5 15.b4 Qc7
16.Rfe1 f4 17.Ne2 h6 18.h3 fxg3 19.fxg3 Bf6 20.Rf1 Ne6 21.Rad1 Nd4 22.Nfxd4 exd4
23.g4 d3 24.Rxd3 Bxb2 25.Qxb2 Ng7 26.Qf6 Qe7 27.Qxg6 Be6 28.Rc3 Rad8 29.Qxh6 Rf8
30.Nf4 Bf7 31.g5 Rd6 32.g6 Bxg6 33.Nxg6 Rxf1+ 34.Bxf1 Qf6 35.Qh8+ Kf7 36.Rf3 Qxf3
37.Qf8+ Kxg6 38.Qxf3  1-0

[Event "EU-chB16"]
[Site "Herceg Novi MNE"]
[Date "2006.09.11"]
[Round "2"]
[White "Pachta,P"]
[Black "Ponizil,C"]
[Result "0-1"]
[WhiteElo "2331"]
[BlackElo "2199"]

1.d4 Nf6 2.Nf3 g6 3.c4 Bg7 4.g3 O-O 5.Bg2 d6 6.O-O Nc6 7.Nc3 a6 8.h3 Rb8
9.a4 a5 10.e4 e5 11.Be3 Nd7 12.Re1 exd4 13.Nxd4 Nce5 14.Qe2 Nc5 15.Rad1 c6
16.Nxc6 bxc6 17.Bxc5 dxc5 18.Rxd8 Rxd8 19.f4 Nd3 20.Rd1 Bd4+ 21.Kh2 Nxb2
22.Rd2 Rb3 23.Rxb2 Rxc3 24.Rb8 Rc1 25.g4 g5 26.e5 Bg1+ 27.Kg3 gxf4+ 28.Kh4 Bh2
29.Be4 Bg3+ 30.Kg5 Re1 31.Qc2 Kg7 32.Rb1 Re3 33.Rb3 Re8 34.Rxe3 Rxe5+ 35.Bf5 fxe3
36.Kh5 e2 37.Qd2 Bxf5  0-1

[Event "5th Open"]
[Site "Izmir TUR"]
[Date "2006.09.11"]
[Round "2"]
[White "Gaprindashvili,V"]
[Black "Gurbanzade,E"]
[Result "1-0"]
[WhiteElo "2484"]
[BlackElo "2150"]

1.d4 Nf6 2.c4 g6 3.g3 Bg7 4.Bg2 O-O 5.Nf3 d6 6.O-O Nbd7 7.Nc3 e5 8.e4 a6
9.Re1 exd4 10.Nxd4 Ne5 11.b3 c5 12.Nc2 Bg4 13.f3 Be6 14.Bb2 Rb8 15.Qe2 b5
16.f4 Ned7 17.cxb5 Qb6 18.Ne3 axb5 19.f5 Ne5 20.fxe6 fxe6 21.Ncd1 Nfd7 22.Kh1 Kh8
23.Rc1 Qa5 24.Bc3 Qa3 25.Rc2 Qa7 26.Ng4 Nc6 27.Bxg7+ Kxg7 28.Qe3 Nd4 29.Rd2 Qa5
30.Nc3 Rf7 31.Ne2 e5 32.Nxd4 cxd4 33.Qh6+ Kg8 34.Rc1 Rbf8 35.Rdc2 Nc5 36.Qd2 Qxd2
37.Rxd2 Re7 38.Nf2 Ra7 39.Bf1 Rb8 40.Re1 Rf7 41.Kg2 Kg7 42.Nd3  1-0